000 01092nam a22002657a 4500
005 20140117123546.0
010 _aENG-104070 B-461963-967 B-512554-558
020 _a9780198073987
_c495.00
020 _a0198073984
_c495.00
035 _aEN-87603 B-461963-967 B-512554-558
037 _bDBAD/PUB
037 _bAllied Pub/Ven
037 _bBSB/Ven
_adpl
082 _a658.404
082 _a388.420954
100 _aRamachandran, M.
_d1941-
245 _aMetro Rail Projects in India :
_cby M. Ramachandran with a foreword by E. Sreedharan
_ba study in project planning /
260 _aNew Delhi
_bOxford University Press
_c2012
270 _aYMCA Library Building, 1, Jai Singh Road
_bNew Delhi
_e110001
300 _axvi,195p.
_c22cm (Hb)
500 _aIncludes bibliographical references and index
942 _2ddc
_cEN
_h388.420954
_mRAM
999 _c58257
_d58257